000 00280nam a2200097 a 4500
005 20200930070812.0
008 110926s1916 000 spa d
245 0 _aEstatutos fundamentales del club union fundado en el año 1892.
260 _aSanto Domingo,
_c1916.
999 _c33622
_d33622
040 _aDO-SdBNP